000
00288nam a2200109Ia 4500
008
200302s9999 xx 000 0 und d
100
_a
Zoe Ryan
245
_a
Building With Water Concepts Typology Design
260
_b
Birkhauser Publishers for Architecture
260
_c
2010
300
_a
160
999
_c
3752
_d
3752